Karlštejn /

Hlavní autor: Dvořák, Jan
Další autoři: Franta, Jaroslav, 1934-
Jazyk: Čeština
Vydáno: Praha : Středisko státní památkové péče a ochrany přírody Středočeského kraje, 1985
Edice: Památky Středočeského kraje
Témata:
Fyzický popis: 23 s., [16] s. barev. obr. příl. : il. ; 20 cm
Knihy
Uloženo v:
LEADER 01208nam a22003132a 4500
001 000379819
003 CZ BrMZK
005 20200110123915.0
007 ta
008 010907s1985 xr af e f cze d
015 |a cnb000012318 
020 |q (Brož.) :  |c Kčs 7,00 
035 |a (OCoLC)39429807 
040 |a ABA001  |b cze  |d ABA001  |d BOA001 
080 9 |a 728.8 
100 1 |a Dvořák, Jan  |7 jn19981000839  |4 aut 
245 1 0 |a Karlštejn /  |c Jan Dvořák ; snímky Jaroslav Franta ; graf. úprava Jindřich Pokorný 
260 |a Praha :  |b Středisko státní památkové péče a ochrany přírody Středočeského kraje,  |c 1985 
300 |a 23 s., [16] s. barev. obr. příl. :  |b il. ;  |c 20 cm 
490 1 |a Památky Středočeského kraje 
500 |a Marginálie 
500 |a Na obálce plán hradu 
655 7 |a průvodce  |7 fd133154  |2 czenas 
700 1 |a Franta, Jaroslav,  |d 1934-  |7 jn19981001233  |4 ill 
830 0 |a Památky Středočeského kraje  |0 s 
910 |a BOA001  |b X-0900.129 
990 |a BK 
996 6 |b 2619812889  |c X-0900.129  |l MZK  |r Sklad / do 24 hodin  |n 1  |w 000379819  |u 000010  |a 1  |e BOA001  |j MZK50  |s P 
996 7 |b 3119942914  |c PK-0103.700  |l MZK  |r Sklad / do 1 hodiny  |n 6  |w 000379819  |u 000020  |a 1  |e BOA001  |j MZK50  |s A